000 00907nam a2200253Ia 4500
008 130821s2003 sp gr spa
020 _a8449314461
040 _aCo-BoUCM
_bspa
041 0 0 _aspa
100 1 _aTaylor, Charles
_d1931-
_981539
245 1 4 _aLas variedades de la religión hoy
_cCharles Taylor; traducción de Ramón Vilá Vernis
260 _aBarcelona (España)
_bPaidós
_c2003
300 _a126 páginas
490 _aPaidós Studio
_v158.
504 _aIncluye bibliografía.
600 _aJames, William
_d1842-1910
_xCrítica e interpretación, etc.
_9161994
650 0 4 _aExperiencia religiosa
_915435
650 0 4 _aFilosofía de la religión
_915775
650 0 4 _aReligión y sociología
_923516
700 1 _aVila VERNIS, Ramón
_etrad.
_9127544
765 1 0 _tVarietes of religion today.
942 _cLIBRO
_a4
_e1
_mT238v
_2DEWEY
_h200.1
999 _c46496
_d46496